UCSC Library OPAC

INSTANT JAVA APPLETS :( With CD) (Record no. 24160)

MARC details
000 -LEADER
fixed length control field 00522nam a2200205Ia 4500
008 - FIXED-LENGTH DATA ELEMENTS--GENERAL INFORMATION
fixed length control field 240510s9999 xx 000 0 und d
020 ## - INTERNATIONAL STANDARD BOOK NUMBER
International Standard Book Number 0001562763865
041 ## - LANGUAGE CODE
Language code of text/sound track or separate title English
082 ## - DEWEY DECIMAL CLASSIFICATION NUMBER
Classification number 005.117
082 ## - DEWEY DECIMAL CLASSIFICATION NUMBER
Cutter number D18
100 ## - MAIN ENTRY--PERSONAL NAME
Personal name DAVIS, O. & MCGINN, T.
245 #0 - TITLE STATEMENT
Title INSTANT JAVA APPLETS :( With CD)
260 ## - PUBLICATION, DISTRIBUTION, ETC.
Name of publisher, distributor, etc. CALIFORNIA : ZIFF-DAVIS
260 ## - PUBLICATION, DISTRIBUTION, ETC.
Date of publication, distribution, etc. 1996
300 ## - PHYSICAL DESCRIPTION
Extent (Pages) 220 p.
650 ## - SUBJECT ADDED ENTRY--TOPICAL TERM
Topical term or geographic name entry element JAVA : OBJECT ORIENTED PROGRAMMING
942 ## - ADDED ENTRY ELEMENTS (KOHA)
Source of classification or shelving scheme Dewey Decimal Classification
Koha issues (borrowed), all copies 1
942 ## - ADDED ENTRY ELEMENTS (KOHA)
Koha item type Refrence Book
945 ## - LOCAL PROCESSING INFORMATION (OCLC)
creator borrowernumber 1
creator name Madushi Gamage
modifier borrowernumber 1
modifier name Madushi Gamage
Holdings
Withdrawn status Lost status Source of classification or shelving scheme Damaged status Not for loan Collection code Home library Current library Shelving location Date acquired Cost, normal purchase price Inventory number Total Checkouts Full call number Barcode Date last seen Date last checked out Price effective from Koha item type
    Dewey Decimal Classification     Reference Collection UCSC Library UCSC Library Reference Section 27/06/2024 2242.00 5494 1 005.117 D18 A15494 01/07/2025 03/12/2024 27/06/2024 Refrence Book